| 000 | 00677nam a22001937a 4500 | ||
|---|---|---|---|
| 999 |
_c19256 _d19256 |
||
| 003 | AR-CdUCM | ||
| 008 | 190517b ||||| |||| 00| 0 spa d | ||
| 040 |
_aMUNICIPALIDAD PROVINCIAL DEL CUSCO _cBIBLIOTECA MUNICIPAL DEL CUSCO |
||
| 082 |
_a860.9 / _bV16 |
||
| 100 |
_aValbuena Prat, Angel _940486 |
||
| 245 | _aHistoria de la literatura española / | ||
| 260 |
_aBarcelona _bGustavo Gili, _c1953. |
||
| 300 |
_a909 páginas ; _c23 cm. |
||
| 505 | _aContenido : t.1: Época medieval -- Los orígenes del castellano -- Los cantares de gesta -- t.3: Época moderna | ||
| 650 |
_aLiteratura. _983 |
||
| 650 |
_aHistoria literaria. _92287 |
||
| 942 |
_2ddc _cLIBROS |
||
| 945 | _arcc | ||